|
|
|
|
| LEADER |
00000 a2200000 4500 |
| 001 |
RU/ROS-EDU.RU/22177 |
| 856 |
4 |
|
|u https://www.ros-edu.ru/book?id=22177
|z Перейти к просмотру издания
|
| 010 |
|
|
|a 978-5-209-05435-1
|
| 100 |
|
|
|a 20130101d2013 |||y0rusy0250
|
| 105 |
|
|
|a y z 000zy
|
| 101 |
0 |
|
|a rus
|
| 102 |
|
|
|a RU
|
| 200 |
1 |
|
|a История древней и средневековой России (IX–XVII вв.)
|b Электронный ресурс
|e Учебное пособие
|f Е. А. Соловьев, В. В. Блохин
|g ред. В. М. Козьменко
|
| 700 |
|
1 |
|b Е. А.
|a Соловьев
|4 070
|
| 701 |
|
1 |
|b В. В.
|a Блохин
|4 070
|
| 702 |
|
1 |
|b В. М.
|a Козьменко
|4 340
|
| 330 |
|
|
|a Пособие предназначено для углубленной подготовки студентов-иностранцев, обучающихся на факультете русского языка и общеобразовательных дисциплин, а также российских студентов. Разделы пособия написаны в соответствии с требованиями Государственного образовательного стандарта. В нем раскрываются основные темы истории и культуры Древней и средневековой России. Пособие может быть полезно российским студентам и школьникам старших и лицейских классов. Подготовлено на кафедре истории и социально-экономических дисциплин факультета русского языка и общеобразовательных дисциплин РУДН.
|
| 210 |
|
|
|a Москва
|c Российский университет дружбы народов
|d 2013
|
| 610 |
1 |
|
|a история России
|
| 610 |
1 |
|
|a древняя Россия
|
| 610 |
1 |
|
|a средневековая Россия
|
| 610 |
1 |
|
|a держава Рюриковичей
|
| 610 |
1 |
|
|a древнерусская цивилизация
|
| 610 |
1 |
|
|a самодержавие
|
| 675 |
|
|
|a 94
|
| 686 |
|
|
|a 63.3
|2 rubbk
|
| 300 |
|
|
|a Книга находится в премиум-версии платформы «Русский как иностранный».
|
| 215 |
|
|
|a 180 с.
|